| 000 | 00639nam a2200229Ia 4500 | ||
|---|---|---|---|
| 999 |
_c45450 _d45450 |
||
| 001 | 12274 | ||
| 003 | GE_BSU | ||
| 005 | 20221117153043.0 | ||
| 008 | 181216s2009en xx |||||||||||||| ||eng|| | ||
| 020 | _a9780901158413 x | ||
| 040 | _cGE_BSU | ||
| 041 | _aeng | ||
| 080 | _a58(410) C-74 | ||
| 100 |
_aCope,Tom _915896 |
||
| 245 |
_aGrasses of the british isles / _cTom Cope, Edited by : Paul Ashton |
||
| 264 |
_aLondon, _c2009. |
||
| 300 |
_a612 p.: _bill; _c21 cm. |
||
| 653 | _aGrasses of the british isles | ||
| 653 | _aბოტანიკა | ||
| 700 |
_aAshton, Paul _eრედაქტორი _915897 |
||
| 942 |
_cBK _2udc |
||